00928nam a2200229 a 450000100060000000300090000600800410001504000280005608200160008410000410010011000330014124500840017426000430025830000110030159000470031265000580035965000710041765000300048894200120051899900170053095201510054720211CO-ViMGA141112s2004 ck r 000 u spa d aCO-ViMGAbspacCO-ViMGA04a323.4 D333s1 aCastro Caycedo, Jose Fernando912317 aDefensoria del pueblo92922510aVI Informe anual del Ciudadano Defensor del Pueblo al Congreso de Colombia 1998 aBogotá : bImprenta Nacional, c1999 a309 p. aForma de adquisición : Premio Mincultura14aDEFENSOR DEL PUEBLO - COLOMBIA - INFORMES 199892922614aDERECHOS HUMANOS, PROMOCION Y DIVULGACION - COLOMBIA - 199892922714aVEEDURIA CIUDADANA925252 2ddccBK c29258d29258 00102ddc40708002aMEVIECARbMEVIECARd2015-12-04hVolumen. 1 | 11/jun/2009l0o323.4 D333s p20211r2015-12-04 00:00:00tEj. 1w2015-12-04yBK